<?xml version="1.0" encoding="UTF-8"?><?xml-stylesheet type="text/xsl" href="static/style.xsl"?><OAI-PMH xmlns="http://www.openarchives.org/OAI/2.0/" xmlns:xsi="http://www.w3.org/2001/XMLSchema-instance" xsi:schemaLocation="http://www.openarchives.org/OAI/2.0/ http://www.openarchives.org/OAI/2.0/OAI-PMH.xsd"><responseDate>2026-04-27T21:24:57Z</responseDate><request verb="GetRecord" identifier="oai:uvadoc.uva.es:10324/76238" metadataPrefix="marc">https://uvadoc.uva.es/oai/request</request><GetRecord><record><header><identifier>oai:uvadoc.uva.es:10324/76238</identifier><datestamp>2025-07-07T07:56:42Z</datestamp><setSpec>com_10324_2555</setSpec><setSpec>col_10324_2559</setSpec></header><metadata><record xmlns="http://www.loc.gov/MARC21/slim" xmlns:doc="http://www.lyncode.com/xoai" xmlns:xsi="http://www.w3.org/2001/XMLSchema-instance" xmlns:dcterms="http://purl.org/dc/terms/" xsi:schemaLocation="http://www.loc.gov/MARC21/slim http://www.loc.gov/standards/marcxml/schema/MARC21slim.xsd">
<leader>00925njm 22002777a 4500</leader>
<datafield tag="042" ind1=" " ind2=" ">
<subfield code="a">dc</subfield>
</datafield>
<datafield tag="720" ind1=" " ind2=" ">
<subfield code="a">Arias Madero, Javier</subfield>
<subfield code="e">author</subfield>
</datafield>
<datafield tag="720" ind1=" " ind2=" ">
<subfield code="a">Llorente Álvarez, Alfredo</subfield>
<subfield code="e">author</subfield>
</datafield>
<datafield tag="260" ind1=" " ind2=" ">
<subfield code="c">2022</subfield>
</datafield>
<datafield tag="520" ind1=" " ind2=" ">
<subfield code="a">APUNTES COMPLETOS DE LA ASIGNATURA DE CONSTRUCCIÓN I. 1er curso GRADO EN FUNDAMENTOS DE LA ARQUITECTURA.&#xd;
INCLUYE APUNTES DE CADA LECCIÓN, CASOS DE ESTUDIO, TERMINOLOGÍA, y ESPACIO PARA EL ALUMNO.</subfield>
</datafield>
<datafield tag="024" ind2=" " ind1="8">
<subfield code="a">https://uvadoc.uva.es/handle/10324/76238</subfield>
</datafield>
<datafield ind1=" " ind2=" " tag="653">
<subfield code="a">CONSTRUCCIÓN</subfield>
</datafield>
<datafield ind1=" " ind2=" " tag="653">
<subfield code="a">APUNTES</subfield>
</datafield>
<datafield tag="245" ind1="0" ind2="0">
<subfield code="a">APUNTES DE CONSTRUCCIÓN I. 1er curso GRADO EN FUNDAMENTOS DE LA ARQUITECTURA</subfield>
</datafield>
</record></metadata></record></GetRecord></OAI-PMH>